Los grandes de todos los tiempos : San Francisco de Asís /

Gardado en:
Detalles Bibliográficos
Autor Principal: Ghilardi, Agostino (autor)
Outros autores: Orlandi, Enzo (dirección) (dirección)
Formato: Libro
Idioma:Lingua castelá
Publicado: México : Editora Cultural y Educativa, 1967, c1966
Temas:
Etiquetas: Engadir etiqueta
Sen Etiquetas, Sexa o primeiro en etiquetar este rexistro!

MARC

LEADER 00000nam^a2200000^a^4500
001 000307998
005 20250521000000.0
008 110301 19671966
009 20260310112903.353
037 |a Acervo Xavier Clavigero 
041 |a ESP 
082 |a 920. 02  |b GRA V. 2 
100 |a Ghilardi, Agostino  |e (autor) 
240 1 5 |a [Los grandes de todos los tiempos] 
245 1 4 |a Los grandes de todos los tiempos :  |b San Francisco de Asís /  |c A. Ghilardi ; dir. de E. Orlandi. 
264 4 |a México :  |b Editora Cultural y Educativa,  |c 1967, c1966 
300 |a 75 p. 
336 |a texto  |b txt  |2 rdacontenido 
337 |a sin mediación  |b n  |2 rdamedio 
338 |a volumen  |b nc  |2 rdasoporte 
500 |a Traducción de: I grandi di tutti tempi: S. Francesco 
649 |a XX 
650 |a Santos -  |x Biografías 
650 |a Franciscanos -  |x Biografías 
650 |a Franciscanos -  |x Historia -  |x Tema Principal 
650 |a Religiosos Italianos -  |x Biografías 
650 |a Monasticismo y Ordenes Religiosas -  |x Historia 
650 |a Vida Monástica y Religiosa 
650 |a Vida Espiritual 
650 |a Iglesia en Italia -  |x Historia -  |y Siglo XIII 
650 |a Iglesia en Italia -  |x Historia -  |y Alta Edad Media, 1112-1402 
650 |a Iglesia en Italia -  |x Historia -  |y Edad Media, 476-1402 
650 |a Iglesia -  |x Historia -  |y Papa, 1198-1216 (Inocencio III) 
650 |a Iglesia -  |x Historia -  |y Papa, 1216-1227 (Honorio III) 
650 |a Cristianismo -  |x Historia 
650 |a Religión -  |x Historia 
650 |a Francisco, de Asís,  |c Santo -  |x Tema Principal 
700 |a Orlandi, Enzo  |e (dirección) 
910 |a Fondo General 
920 |a Impresos - Libros 
930 |a Obras de Referencia 
905 |a 102 
901 |a 039914  |b IT2  |c REF  |u 20250521 
902 |a https://opac.biblio.iteso.mx/vufind/Record/000307998